Дело о назначении пенсии законоучителю Верхнеудинского уездного училища священнику М.Е. Касаткину и об оставлении его на дальней...

Доступно только в Электронных читальных залах Найти на картеНа карте
RUSMARC
00004059nmc2a2200000 x 450
001a6b8e3ec-9597-45f4-8c03-4589b741e825
00520151230094524.0
100##$a20150416l18481857k l0rusy0189 ca
1010#$arus
102##$aRU
2001#$aДело о назначении пенсии законоучителю Верхнеудинского уездного училища священнику М.Е. Касаткину и об оставлении его на дальнейшей службе
$j28 октября 1848 г. - 13 марта 1857 г.
251##$cДело
300##$aДело
300##$aОриг. заголовок дела: Дело о назначении пенсии законоучителю Верхнеудинского уездного училища священнику Касаткину. 28 октября 1848 г. - 26 марта 1849 г
801#0$aRU
$bРГИА
$c20150416
$gRCR
801#1$aRU
$bГлавНИВЦ
$c20150416
$2rusmarc
801#2$aRU
$bПБ им. Б.Н. Ельцина
$c20151230
$gRCR
$2rusmarc
850##$aРГИА
852##$aРГИА
$eФедеральное казенное учреждение "Российский государственный исторический архив" (РГИА)
$j30
937##$hРГИА
$d11186299
$aASBIBLIO_SCAN
462#0$1001f1575c79-1e6d-44ec-89f0-cc7b41f2d495
$12001
$aДела Департамента народного просвещения по Сибирской дирекции училищ за 1847-1862 гг.
$1251
$cОпись
$1852
$j84
461#0$1001a74412a3-3cc5-4d21-8f0a-dfe2fbd9e72d
$12001
$aДепартамент народного просвещения Министерства народного просвещения
$1251
$cФонд
$1852
$j733
215##$a28 л.
$d36,5х26 см
371##$aДокумент не является опубликованным и широко распространяемым
105##$aу###
1222#$ad
5171#$aДело о назначении пенсии законоучителю Верхнеудинского уездного училища священнику Касаткину. 28 октября 1848 г. - 26 марта 1849 г
035##$aa6b8e3ec-9597-45f4-8c03-4589b741e825
Формат отображения